Trouve ce pays - Statistiques

Statistiques générales
  • Ce quiz a été pris 151 fois
  • Le résultat moyen est 26 sur 42
Réponses sur la Carte
Les réponses sont colorées sur une échelle allant du rouge au vert en fonction du pourcentage des utilisateurs qui les ont devinées à leur premier essai. Vous pouvez retrouver ces pourcentages ci-dessous.
 
Statistiques - réponses
Réponse % Correct
france
95%
egypte
79%
bahamas
77%
allemagne
76%
lesotho
75%
chili
74%
italie
74%
canada
71%
russie
69%
somalie
68%
iran
67%
islande
67%
laos
67%
republique tcheque
66%
seychelles
66%
chypre
65%
malte
65%
nouvelle-zelande
65%
soudan du sud
65%
bulgarie
64%
micronesie
64%
mongolie
64%
nepal
63%
panama
63%
bhoutan
62%
birmanie
62%
namibie
62%
belize
60%
hongrie
59%
senegal
59%
sierra leone
58%
montenegro
57%
surinam
56%
tanzanie
56%
togo
53%
tadjikistan
52%
turkmenistan
52%
honduras
51%
ouzbekistan
51%
timor oriental
47%
benin
44%
gambie
38%
Aucun quiz correspondant
Distribution des résultats
% des personnes avec chaque résultat
Percentile par nombre de réponses
Votre historique - résultats
Vous n’avez pas pris ce quiz